000 00954nam a2200241 a 4500
001 BRCA_1102
005 20190320203259.0
008 010329s2000 mx-a---##b---f000-0#spa-#
020 _a9701852311
040 _aDLC
_cDLC
050 4 _aF1234.M4
_b.P56 2000
245 1 0 _aDe la patria criolla a la nación mexicana, 1750-1860.
260 _aMéxico
_bPatronato del Museo Nacional de Arte : UNAM, Instituto de Investigaciones Estéticas : CONACULTA : INBA
_c2000
300 _a311 p.
_bil. a color
_c32 cm.
440 0 _aLos pinceles de la historia
_93627
500 _aCatálogo de la exposición realizada en el Museo Nacional de Arte (Ciudad de México), 2000 - marzo, 2001
500 _aIncluye índice de ilustraciones
504 _aBibliografía: p. 255-266
650 1 4 _aArte mexicano
_vExposiciones
_93628
651 4 _aMéxico
_vExposiciones
_xHistoria
_ySiglos XVIII y XIX
_93629
651 4 _aMéxico
_vExposiciones
_xArte
_93630
942 _2lcc
_cB
999 _c981
_d981